000 00307nam a2200121Ia 4500
008 221030s9999 xx 000 0 und d
041 _aEnglish
100 _aH KARGUPTA
245 0 _aData Mining : Next Generation Challenges & Future Directions
_cby H KARGUPTA
260 _c0
650 _aMc
942 _cBK
999 _c14413
_d14413